Floresta literaria de la América indígena (Record no. 24666)

MARC details
000 -LEADER
campo de control de longitud fija 00610nam a2200169 i 4500
001 - NÚMERO DE CONTROL
campo de control 24666
003 - IDENTIFICADOR DE NÚMERO DE CONTROL
campo de control ES-MaACL
005 - FECHA Y HORA DE LA ÚLTIMA TRANSACCIÓN
campo de control 20230906153108.0
007 - CAMPO FIJO DE DESCRIPCIÓN FÍSICA--INFORMACIÓN GENERAL
campo de control de longitud fija t|
008 - DATOS DE LONGITUD FIJA--INFORMACIÓN GENERAL
campo de control de longitud fija 021218s1957 sp ||||1| spa d
245 00 - MENCIÓN DEL TÍTULO
Título Floresta literaria de la América indígena
Resto del título : antología de la literatura de los pueblos indígenas de América /
Mención de responsabilidad, etc. José Alcina Franch.
260 ## - PUBLICACIÓN, DISTRIBUCIÓN, ETC.
Lugar de publicación, distribución, etc. Madrid :
Nombre del editor, distribuidor, etc. Aguilar,
Fecha de publicación, distribución, etc. [1957] (
Fabricante Montaña)
300 ## - DESCRIPCIÓN FÍSICA
Extensión 427 p. ;
Dimensiones 20 cm.
700 1# - ENTRADA AGREGADA--NOMBRE PERSONAL
Nombre de persona Alcina Franch, José.
9 (RLIN) 19548
740 0# - ENTRADA AGREGADA--TÍTULO RELACIONADO/ANALÍTICO NO CONTROLADO
Título relacionado o analítico no controlado Antología de la literatura de los pueblos indígenas de América.
852 ## - LOCALIZACIÓN
Ubicación ES-MaACL
Número de control de estantería C-13561
Sublocalización o colección R.41229
Holdings
Estatus retirado Estado de pérdida Estado de daño No para préstamo Biblioteca de origen Biblioteca actual Ubicación en estantería Fecha de adquisición Fuente de adquisición Total de préstamos Signatura topográfica completa Código de barras Visto por última vez Precio de reemplazo Tipo de ítem Koha
        Biblioteca del Ateneo de Madrid Biblioteca del Ateneo de Madrid Sala Palomar 17/01/2008     C-13561 1025431 23/02/2023 23/02/2023 Libro impreso